2003 mali yılı Yükseköğretim Kurulu ve Üniversitelerin ödenek cetvelleri (Record no. 276)

MARC details
000 -BAŞLIK
Sabit Uzunlukta Kontrol Alanı 00607na a2200205 4500
001 - KONTROL NUMARASI
Denetim Alanı 21873
003 - KONTROL NUMARASI IDENTIFIER
Denetim Alanı MIRAKIL
005 - SON İŞLEM TARİHİ VE ZAMANI
Denetim Alanı 20181213154741.0
008 - SABİT-BOY VERİ ELEMANLARI - GENEL BİLGİLER
Sabit Uzunlukta Kontrol Alanı 170208b tu 000 0
040 ## - KATALOGLAMA KAYNAK
Orijinal Kataloglama Ajansı Milas
Kataloglama Dili tur
Metne Dönüştürmek Ajansı TR-AnCHP
041 ## - DİL KODU
Metin / Ses Parça Veya Ayrı Başlığın Dil Kodu tur
082 ## - DEWEY ONLU SINIFLANDIRMA NUMARASI
Sınıflandırma Numarası 351.7222
Ürün Numarası İ45 2003
090 ## - SINIFLAMA NUMARASI
Sınıflama Numarası 351.7222 İ45 2003
245 ## - BAŞLIK TABLOSU
Başlık 2003 mali yılı Yükseköğretim Kurulu ve Üniversitelerin ödenek cetvelleri
260 ## - YAYIN, DAĞITIM, VB
Yayın, Dağıtım, Vb Yeri Ankara
Yayıncı, Dağıtıcı, Vs Adı [yayl. y.]
Yayın, Dağıtım, Vb Tarihi 2003
300 ## - FİZİKSEL TANIM
Kapsam 2 c. ; 574 s.
Diğer Fiziksel Ayrıntıları tbl.
Boyutlar 16 sm.
650 ## - KONU KATMA GİRİŞ - TOPİKAL DÖNEM
Topikal Süreli Veya Coğrafi Ad Giriş Elemanı Üniversiteler
Genel Alt Bölümü Bütçe
Kronolojik Alt Bölümü 2003
650 ## - KONU KATMA GİRİŞ - TOPİKAL DÖNEM
Topikal Süreli Veya Coğrafi Ad Giriş Elemanı Yüksekögretim Kurulu
Genel Alt Bölümü Bütçe
Kronolojik Alt Bölümü 2003
942 ## - EKLENDİ GİRİŞ ELEMANLARI (KOHA)
Sınıflandırma Veya Raf Düzeni Kaynak Dewey Decimal Classification
Koha Öğesi Türü Books
999 ## - SİSTEM KONTROL NUMARALARI (KOHA)
Koha Biblionumber 276
Koha Biblioitemnumber 276
Holdings
Kalıcı Konum Mevcut Konum Edinme Tarihi Edinim Kaynak Toplam Check-Out'Lar Tam Çağrı Numarası Barkod Tarih Son Görülme İtibaren Geçerli Fiyatlar Koha Öğesi Türü
CHP Kütüphanesi CHP Kütüphanesi 02/08/2017 Bağış   351.7222 İ45 2003 012334 02/08/2017 02/08/2017 Books